000 00556 a2200145 4500
005 20250612120221.0
020 _a0-07-147043-3
082 _a658. 311 KAD
100 _aKADOR, J.
245 _aThe Manager's Book of Questions: 1001 Great Interview Questions for Hiring the Right Person
260 _aNew York,
_bMcGraw-Hill,
_c2006.
300 _axx, 204p.: ill.; figure, picture.
_c23cm.
856 _yAccess online book
_fThe Manager's Book of Questions: 1001 Great Interview Questions for Hiring the Right Person
_dbooks.mcgraw-hill.com
942 _2ddc
_cBKS
999 _c1618
_d1618